000 00341nam a22001577a 4500
003 OSt
008 230530b |||||||| |||| 00| 0 eng d
041 _aeng
082 _a658.4034
_bPAN/OP
100 _aPanneerselvam, R
_95477
245 _aOperation Research
250 _a3
260 _aDelhi
_bPHI
_c2023
300 _a628
942 _cBK
999 _c17709
_d17709